MyGZULibrary

The infernal desire machines of Doctor Hoffman : (Record no. 11750)

MARC details
000 -LEADER
fixed length control field 00832cam a2200313 4500
001 - CONTROL NUMBER
control field 301566
003 - CONTROL NUMBER IDENTIFIER
control field GZU
005 - DATE AND TIME OF LATEST TRANSACTION
control field 20260323092027.0
008 - FIXED-LENGTH DATA ELEMENTS--GENERAL INFORMATION
fixed length control field 730306s1972 enk 000 1 eng
010 ## - LIBRARY OF CONGRESS CONTROL NUMBER
LC control number 72172428
015 ## - NATIONAL BIBLIOGRAPHY NUMBER
National bibliography number B72-12080
020 ## - INTERNATIONAL STANDARD BOOK NUMBER
International Standard Book Number 0246105453
020 ## - INTERNATIONAL STANDARD BOOK NUMBER
International Standard Book Number 9780246105455
022 ## - INTERNATIONAL STANDARD SERIAL NUMBER
International Standard Serial Number .
035 ## - SYSTEM CONTROL NUMBER
System control number 301566
040 ## - CATALOGING SOURCE
Original cataloging agency DLC
Transcribing agency DLC
Modifying agency DLC
Language of cataloging eng
Description conventions rda
050 00 - LIBRARY OF CONGRESS CALL NUMBER
Item number ANG 1972
Classification number PR6053
100 1# - MAIN ENTRY--PERSONAL NAME
Personal name Carter, Angela,
Dates associated with a name 1940-1992.
Relator term author
245 14 - TITLE STATEMENT
Title The infernal desire machines of Doctor Hoffman :
Remainder of title a novel /
Statement of responsibility, etc. Angela Carter
260 ## - PUBLICATION, DISTRIBUTION, ETC.
Place of publication, distribution, etc. London :
Name of publisher, distributor, etc. Hart-Davis,
Date of publication, distribution, etc. 1972.
300 ## - PHYSICAL DESCRIPTION
Extent 286 pages ;
Dimensions 21 cm.
336 ## - CONTENT TYPE
Content type term text
Content type code txt
Source rdacontent
337 ## - MEDIA TYPE
Media type term unmediated
Media type code n
Source rdamedia
338 ## - CARRIER TYPE
Carrier type term volume
Carrier type code nc
Source rdacarrier
504 ## - BIBLIOGRAPHY, ETC. NOTE
Bibliography, etc. note .
505 ## - FORMATTED CONTENTS NOTE
Formatted contents note .
520 ## - SUMMARY, ETC.
Summary, etc. .
942 ## - ADDED ENTRY ELEMENTS (KOHA)
Source of classification or shelving scheme Library of Congress Classification
Koha item type Books
Classification part 6053
Item part ANG
Call number prefix PR
Holdings
Withdrawn status Lost status Source of classification or shelving scheme Damaged status Not for loan Collection code Home library Current library Shelving location Date acquired Source of acquisition Total Checkouts Full call number Barcode Date last seen Copy number Price effective from Koha item type
    Library of Congress Classification     Fiction Gender Resource Centre Gender Resource Centre General Stacks 03/23/2026 Donated by Nyorovai Whande   PR6053 CAR 1972 000686 03/23/2026 c. 1 03/23/2026 Books